Outdoor living (Record no. 15268)

MARC details
000 - LÍDER
campo de control de longitud fija 00997nam a2200205Ia 4500
008 - ELEMENTOS DE DATOS DE LONGITUD FIJA - INFORMACIÓN GENERAL
campo de control de longitud fija 0000002014 sp ad 0000000000mul00
090 ## - NÚMERO DE LLAMADA DE TIPO LC LOCALMENTE ASIGNADO (OCLC)
Número de clasificación (OCLC) (R) PSP00 L17o
100 1# - ENTRADA PRINCIPAL - NOMBRE PERSONAL
Nombre de la persona Larriera Glasserman, Natalí
245 10 - TÍTULO DECLARACIÓN
Título Outdoor living
Resto del título : Angela Cuadra
Declaración de responsabilidad / Natalí Larriera Glasserman ; traducción Victoria Kylander
260 ## - PUBLICACIÓN, DISTRIBUCIÓN
Lugar de publicación Cantabria, España : Galeria Nuble
Fecha de publicación 2014
300 ## - DESCRIPCIÓN FÍSICA
Alcance [20] p.
Dimensiones / 21 cm.
500 ## - NOTA GENERAL
Nota general Exposición realizada en Galería Nuble de Cantabria, España entre el 9 de mayo y el 21 de junio de 2014 \ Incluye datos biográficos y cronología artística \ Texto en español e ingles \ Donación del Sr. José Luis de la Fuente, Galeria Jose Luis de la Fuente, España, Octubre de 2014
600 00 - ENTRADA DE SUJETO AÑADIDO - NOMBRE PERSONAL
Nombre de la persona CUADRA, ANGELA, 1978/
Subdivisión general TRABAJOS PICTORICOS
650 14 - ENTRADA DE SUJETO AÑADIDO - TÉRMINO TÓPICO
Término tópico o elemento de entrada del nombre geográfico PINTURA ESPAÑOLA
650 14 - ENTRADA DE SUJETO AÑADIDO - TÉRMINO TÓPICO
Término tópico o elemento de entrada del nombre geográfico ARTISTAS PLASTICOS ESPAÑOLES
650 14 - ENTRADA DE SUJETO AÑADIDO - TÉRMINO TÓPICO
Subdivisión general CATALOGOS
650 14 - ENTRADA DE SUJETO AÑADIDO - TÉRMINO TÓPICO
Subdivisión general EXPOSICIONES
650 14 - ENTRADA DE SUJETO AÑADIDO - TÉRMINO TÓPICO
Término tópico o elemento de entrada del nombre geográfico INSTALACIONES (ARTE) ESPAÑA
650 14 - ENTRADA DE SUJETO AÑADIDO - TÉRMINO TÓPICO
Término tópico o elemento de entrada del nombre geográfico PINTURA ACRILICA (ARTE)
Holdings
Estado de retirada Pérdida de estatus Estado dañado No para préstamo Código de recogida Ubicación permanente Ubicación actual Ubicación de las estanterías Fecha de adquisición Número de llamada completo Código de barras Fecha de la última vez que se vio Número de copia Precio efectivo desde Tipo de artículo Koha
        General ArtNexus ArtNexus General 06/09/2022 P-SP-00 L17O 15577 06/09/2022 Ej.1 06/09/2022 Libro

Powered by Koha